Zur Volkskunde (Record no. 157728)

MARC details
000 -LEADER
campo de control de longitud fija 00567nam a22001695i 4500
001 - NÚMERO DE CONTROL
campo de control 157728
003 - IDENTIFICADOR DE NÚMERO DE CONTROL
campo de control ES-MaACL
005 - FECHA Y HORA DE LA ÚLTIMA TRANSACCIÓN
campo de control 20230906210828.0
008 - DATOS DE LONGITUD FIJA--INFORMACIÓN GENERAL
campo de control de longitud fija 040818s1879 gw |||| | ger d
040 ## - FUENTE DE CATALOGACIÓN
Centro catalogador/agencia de origen CAM
Lengua de catalogación spa
Centro/agencia transcriptor CAM
100 1# - ENTRADA PRINCIPAL--NOMBRE DE PERSONA
Nombre de persona Liebrecht, Felix.
9 (RLIN) 128948
245 10 - MENCIÓN DEL TÍTULO
Título Zur Volkskunde
Resto del título : alte und neue aufsätze /
Mención de responsabilidad, etc. von Felix Liebrecht.
260 ## - PUBLICACIÓN, DISTRIBUCIÓN, ETC.
Lugar de publicación, distribución, etc. Heilbronn :
Nombre del editor, distribuidor, etc. Verlag von Gebr. Henninger,
Fecha de publicación, distribución, etc. 1879 (
Lugar de fabricación/manufactura Leipzig :
Fabricante Druck von Breitkopf & Härtel)
300 ## - DESCRIPCIÓN FÍSICA
Extensión XVI, 522 p. ;
Dimensiones 23 cm.
650 #4 - PUNTO DE ACCESO ADICIONAL DE MATERIA--TÉRMINO DE MATERIA
Término de materia o nombre geográfico como elemento de entrada Folklore.
9 (RLIN) 12913
852 ## - LOCALIZACIÓN
Ubicación ES-MaACL
Número de control de estantería G-2786
Nota libre -- Enc. hol.
Holdings
Estatus retirado Estado de pérdida Estado de daño No para préstamo Colección Biblioteca de origen Biblioteca actual Ubicación en estantería Fecha de adquisición Fuente de adquisición Total de préstamos Signatura topográfica completa Código de barras Visto por última vez Precio de reemplazo Tipo de ítem Koha
        Libros del s. XIX Biblioteca del Ateneo de Madrid Biblioteca del Ateneo de Madrid Depósito 2 17/01/2008     G-2786 1165061 23/02/2023 23/02/2023 Libro impreso antiguo